000
00234nam a22000857a 4500
008
160716b xxu||||| |||| 00| 0 eng d
100
_9
2934
_a
Young Learner's
245
_a
Jack and the Beanstalk
260
_a
New Delhi
_b
Y.C.P Publication
_c
2011
999
_c
2499
_d
2499